| 000 | 00714cam a2200241 4500 | ||
|---|---|---|---|
| 001 | ABS61956 | ||
| 008 | 000000n2000 000 0 eng u | ||
| 035 | _a(Sirsi) u104489 | ||
| 100 | _aJameson, A. | ||
| 245 | _aUncommon knowledge | ||
| 260 | _c2000 | ||
| 490 |
_aProperty Week _v65(8) 25 February 2000 90-91(2) |
||
| 520 | _aDescription of the setting up of a company which uses digital video walkthroughs to sell property. | ||
| 590 | _aABS | ||
| 650 | _aE-COMMERCE | ||
| 650 | _aPROPERTY-PROPERTY ACQUISITION AND DISPOSAL | ||
| 650 | _aVIDEO | ||
| 650 | _aMARKETING | ||
| 650 | _aPROPERTY-COMMERCIAL PROPERTY | ||
| 650 | _aINTERNET | ||
| 690 | _aINFORMATION TECHNOLOGY-INTERNET | ||
| 942 | _n0 | ||
| 999 |
_c62691 _d62691 |
||